[Event "26e tournoi 1hKO"]
[Site "Montigny le Bretonneux"]
[Date "2024.05.11"]
[Round "6.20"]
[White "Hellal, Ayoub"]
[Black "Orfila, Hugo"]
[Result "0-1"]
[WhiteElo "1009"]
[BlackElo "1009"]
[Annotator "Rivier,Sylvain"]
[PlyCount "54"]
[EventDate "2024.??.??"]
[WhiteTeam "La Dame Noire"]
[BlackTeam "Club d'Echecs de Guyancourt"]

{Partie des trois cavaliers} 1. e4 e5 2. Nf3 Nc6 3. Nc3 Bb4 4. Bc4 d6 5. Ng5
Be6 6. Nxe6 fxe6 7. Bxe6 Qe7 8. Bxg8 Rxg8 9. d3 O-O-O 10. Qh5 g6 11. Qg4+ Kb8
12. Bg5 Bxc3+ 13. bxc3 Qf7 14. Bxd8 Rxd8 15. O-O h5 16. Qh4 a6 17. Rab1 Qxa2
18. Rfc1 Qa3 19. Rb3 Qa5 20. Rb4 Rc8 21. Qf6 Nxb4 22. cxb4 Qxb4 23. Qxg6 Qd2
24. Rf1 Qxc2 25. Qxh5 Qxd3 26. Qf5 Qd4 27. Ra1 Qxa1# 0-1

[Event "26e tournoi 1hKO"]
[Site "Montigny le Bretonneux"]
[Date "2024.05.11"]
[Round "6.21"]
[White "Carbonero, Jean Marc"]
[Black "Gabory, Clement"]
[Result "1-0"]
[WhiteElo "1299"]
[BlackElo "1009"]
[Annotator "Rivier,Sylvain"]
[PlyCount "75"]
[EventDate "2024.??.??"]
[WhiteTeam "Saint-Quentin en Yvelines"]
[BlackTeam "Club d'Echecs de Guyancourt"]

{Partie italienne} 1. e4 e5 2. Nf3 Nc6 3. Nc3 Bc5 4. Bc4 Nf6 5. O-O O-O 6. d3
d6 7. a3 Be6 8. b4 Qd7 9. bxc5 dxc5 10. Be3 Bxc4 11. dxc4 Qxd1 12. Rfxd1 Rad8
13. Bxc5 b6 14. Bxf8 Rxf8 15. Rd2 Ng4 16. h3 Nh6 17. Rad1 Ne7 18. Nxe5 Kh8 19.
Rd8 Rg8 20. Rxg8+ Nexg8 21. Rd8 c5 22. g4 f6 23. Nc6 Nf7 24. Rd7 Ne5 25. Nxe5
fxe5 26. Rxa7 Nh6 27. Nd5 Ng8 28. Nxb6 h6 29. a4 Kh7 30. Nd7 Nf6 31. Nxe5 Ne8
32. f4 Nd6 33. Rc7 Ne8 34. Rxc5 Nf6 35. a5 Kg8 36. a6 Kh8 37. a7 Kh7 38. a8=Q {
suite illisible} 1-0

[Event "26e tournoi 1hKO"]
[Site "Montigny le Bretonneux"]
[Date "2024.05.12"]
[Round "7.2"]
[White "Nosperger, Mael"]
[Black "El Farihi, Mohsine"]
[Result "0-1"]
[WhiteElo "1727"]
[BlackElo "2073"]
[Annotator "Rivier,Sylvain"]
[PlyCount "83"]
[EventDate "2024.??.??"]
[WhiteTeam "Palamede Echecs"]
[BlackTeam "Gambit Roi de Carrieres sur Seine"]

{Défense sicilienne} 1. e4 c5 2. d3 Nc6 3. Nd2 g6 4. g3 Bg7 5. Bg2 d6 6. Ne2
Nf6 7. O-O Rb8 8. h3 b5 9. Kh2 a5 10. f4 Qc7 11. g4 h5 12. g5 Nh7 13. Nf3 e6
14. Nh4 Ne7 15. Ng3 d5 16. exd5 exd5 17. Qe2 O-O 18. Bf3 Rb6 19. Qg2 Rd8 20.
Rb1 f5 21. gxf6 Bxf6 22. Nxg6 Nxg6 23. Nxh5 Bf5 24. Bxd5+ Kh8 25. Be4 Nh4 26.
Qe2 Rg8 27. Bxf5 Nxf5 28. Bd2 b4 29. Rg1 Rf8 30. Qe4 Nd4 31. Qd5 Re6 32. Rbe1
Rxe1 33. Rxe1 Nxc2 34. Rg1 Bxb2 35. Qe6 Nd4 36. Qg4 Nf5 37. Qg6 a4 38. Ng3 Nh4
39. Qh5 Bf6 40. Ne4 Qf7 41. Nxf6 Qxh5 42. Nxh5 0-1

[Event "26e tournoi 1hKO"]
[Site "Montigny le Bretonneux"]
[Date "2024.05.12"]
[Round "7.3"]
[White "Neveu, Raphael"]
[Black "Briquet, Tom"]
[Result "0-1"]
[WhiteElo "1626"]
[BlackElo "1901"]
[Annotator "Rivier,Sylvain"]
[PlyCount "90"]
[EventDate "2024.??.??"]
[WhiteTeam "La Dame Noire"]
[BlackTeam "Palamede Echecs"]

{Partie espagnole, défense Morphy} 1. e4 e5 2. Nf3 Nc6 3. Bb5 a6 4. Ba4 Nf6 5.
O-O b5 6. Bb3 Bc5 7. d3 h6 8. h3 d6 9. Re1 O-O 10. c3 Bb6 11. Nbd2 Ne7 12. Nf1
Ng6 13. a4 Rb8 14. a5 Ba7 15. Ng3 Bd7 16. Be3 Bxe3 17. fxe3 c5 18. d4 Qc7 19.
d5 c4 20. Bc2 Rfc8 21. Kf2 b4 22. Ba4 bxc3 23. bxc3 Bxa4 24. Qxa4 Rb2+ 25. Re2
Rxe2+ 26. Kxe2 Rb8 27. Qc2 Rb5 28. Qa4 Nd7 29. Nd2 Rc5 30. Rb1 Rxa5 31. Qxc4
Nc5 32. Nf5 Nf8 33. Kd1 Nfd7 34. Ne7+ Kh7 35. Nc6 Ra4 36. Rb4 Nb6 37. Qe2 Ra1+
38. Kc2 Nba4 39. Qc4 a5 40. Rb5 Nb6 41. Qe2 Ra2+ 42. Rb2 Rxb2+ 43. Kxb2 Nba4+
44. Kc2 Qb6 45. Kc1 Qb2+ 0-1

[Event "26e tournoi 1hKO"]
[Site "Montigny le Bretonneux"]
[Date "2024.05.12"]
[Round "7.4"]
[White "Forissier, Nicolas"]
[Black "Bordier, Hugo"]
[Result "1-0"]
[WhiteElo "1931"]
[BlackElo "1693"]
[Annotator "Rivier,Sylvain"]
[PlyCount "49"]
[EventDate "2024.??.??"]
[WhiteTeam "La Dame Noire"]
[BlackTeam "Echiquier de la Butte"]

{Gambit dame, défense semi-Tarrasch} 1. d4 d5 2. c4 e6 3. Nc3 Nf6 4. Nf3 c5 5.
e3 Nc6 6. cxd5 Nxd5 7. e4 Nf6 8. d5 exd5 9. exd5 Nb4 10. Bc4 Bd6 11. a3 Na6 12.
O-O O-O 13. Bg5 Nc7 14. Ne4 Nce8 15. Re1 h6 16. Bh4 a6 17. Nfd2 b5 18. Ba2 Bb7
19. Nxf6+ Nxf6 20. Ne4 Re8 21. Nxf6+ gxf6 22. Rxe8+ Qxe8 23. Qg4+ Kh7 24. Bb1+
Kh8 25. Bxf6# 1-0

[Event "26e tournoi 1hKO"]
[Site "Montigny le Bretonneux"]
[Date "2024.05.12"]
[Round "7.5"]
[White "Appavou, Calixte"]
[Black "Branson, James"]
[Result "1-0"]
[WhiteElo "1787"]
[BlackElo "1680"]
[Annotator "Rivier,Sylvain"]
[PlyCount "25"]
[EventDate "2024.??.??"]
[WhiteTeam "Saint-Quentin en Yvelines"]
[BlackTeam "Club d'Echecs de Guyancourt"]

{Défense française variante Tarrasch ouverte} 1. e4 e6 2. d4 d5 3. Nd2 c5 4.
c3 Qb6 5. Ngf3 Bd6 6. Bd3 Nc6 7. dxc5 Bxc5 8. O-O d4 9. Nc4 Qc7 10. b4 Bb6 11.
b5 Na5 12. Nxa5 Bxa5 13. cxd4 {suite illisible} 1-0

[Event "26e tournoi 1hKO"]
[Site "Montigny le Bretonneux"]
[Date "2024.05.12"]
[Round "7.6"]
[White "Baysse, Nathan"]
[Black "Couradin, Jean-Marie"]
[Result "1/2-1/2"]
[WhiteElo "1601"]
[BlackElo "1679"]
[Annotator "Rivier,Sylvain"]
[PlyCount "80"]
[EventDate "2024.??.??"]
[WhiteTeam "La Dame Noire"]
[BlackTeam "La Dame Noire"]

{Défense moderne} 1. e4 g6 2. Nf3 Bg7 3. Nc3 d6 4. h3 Nd7 5. Bc4 Ngf6 6. d3 a6
7. O-O O-O 8. Be3 b5 9. Bb3 c5 10. Rb1 Bb7 11. a3 Qc7 12. Qe2 Rac8 13. Nd2 Nb6
14. Rfe1 Rfe8 15. Qf3 e6 16. Bg5 Nbd7 17. Nd1 d5 18. exd5 Nxd5 19. Qe2 Nf4 20.
Bxf4 Qxf4 21. Ne4 Nb6 22. Ne3 Bxe4 23. dxe4 Qxe4 24. c3 Red8 25. Kh1 Rd6 26.
Rbd1 Rcd8 27. Qf1 Qf4 28. Rxd6 Rxd6 29. Rd1 Be5 30. Ng4 Bg7 31. Qe2 h5 32. Rxd6
Qxd6 33. Nh2 c4 34. Bc2 Nd5 35. Nf3 Qf8 36. Qd1 Qe7 37. Be4 Qc5 38. Qd2 Kh7 39.
Ng5+ Kg8 40. Nf3 Kh7 1/2-1/2

[Event "26e tournoi 1hKO"]
[Site "Montigny le Bretonneux"]
[Date "2024.05.12"]
[Round "7.7"]
[White "Couradin, Bruno"]
[Black "Corbillet, Mathieu"]
[Result "1-0"]
[WhiteElo "1579"]
[BlackElo "1699"]
[Annotator "Rivier,Sylvain"]
[PlyCount "67"]
[EventDate "2024.??.??"]
[WhiteTeam "La Dame Noire"]
[BlackTeam "La Dame Noire"]

{Partie des quatre cavaliers, variante écossaise} 1. e4 e5 2. Nc3 Nc6 3. Nf3
Nf6 4. d3 d6 5. Be2 Be7 6. O-O O-O 7. Be3 h6 8. d4 exd4 9. Nxd4 Bd7 10. a3 a6
11. f3 Re8 12. Bc4 Ne5 13. Bb3 c5 14. Nde2 c4 15. Ba2 b5 16. b3 Qc7 17. f4 Ng6
18. Bd4 Rac8 19. Rb1 Bg4 20. h3 Bxe2 21. Qxe2 d5 22. Bxf6 Bc5+ 23. Kh1 gxf6 24.
Nxd5 Qc6 25. Rbd1 Rcd8 26. bxc4 Bxa3 27. cxb5 axb5 28. Rd3 Bd6 29. Nxf6+ Kg7
30. Nxe8+ Rxe8 31. e5 Be7 32. Qg4 Kf8 33. Qd7 Qxd7 34. Rxd7 1-0

[Event "26e tournoi 1hKO"]
[Site "Montigny le Bretonneux"]
[Date "2024.05.12"]
[Round "7.8"]
[White "Ruiz, Alexandra"]
[Black "Pelletier, Sylvain"]
[Result "0-1"]
[WhiteElo "1518"]
[BlackElo "1598"]
[Annotator "Rivier,Sylvain"]
[PlyCount "82"]
[EventDate "2024.??.??"]
[WhiteTeam "Club d'Echecs du Vesinet"]
[BlackTeam "Club d'Echecs de Guyancourt"]

{Défense sicilienne, variante Alapine} 1. e4 c5 2. c3 g6 3. d4 cxd4 4. cxd4 d5
5. exd5 Nf6 6. Nf3 Bg4 7. h3 Bxf3 8. Qxf3 Qxd5 9. Qxd5 Nxd5 10. Nc3 Nf6 11.
Bb5+ Nbd7 12. Bf4 a6 13. Be2 Bg7 14. Rd1 O-O 15. O-O Nb6 16. Bf3 Rad8 17. Bc7
Nfd5 18. Nxd5 Nxd5 19. Bxd8 Rxd8 20. Rfe1 e6 21. Re2 Kf8 22. Bxd5 Rxd5 23. Red2
Ke7 24. Kf1 Kd7 25. Ke2 b6 26. Rd3 Ke7 27. a4 Kd7 28. Kd2 Bxd4 29. Rxd4 Rxd4+
30. Kc2 Rxd1 31. Kxd1 Kd6 32. Kd2 a5 33. Kd3 Kd5 34. Kc3 e5 35. b4 f5 36. bxa5
bxa5 37. f3 g5 38. g4 f4 39. Kd3 h6 40. Kc3 e4 41. fxe4+ Kxe4 0-1

[Event "26e tournoi 1hKO"]
[Site "Montigny le Bretonneux"]
[Date "2024.05.12"]
[Round "7.9"]
[White "Lim, Chin"]
[Black "Bouloc, Roger"]
[Result "1-0"]
[WhiteElo "1914"]
[BlackElo "1567"]
[Annotator "Rivier,Sylvain"]
[PlyCount "67"]
[EventDate "2024.??.??"]
[WhiteTeam "La Dame Noire"]
[BlackTeam "La Dame Noire"]

{Gambit dame, variante d'échange} 1. d4 d5 2. c4 e6 3. Nc3 Nf6 4. cxd5 exd5 5.
Bg5 Be7 6. e3 O-O 7. Qc2 Nbd7 8. Bd3 c6 9. Nge2 h6 10. Bh4 Re8 11. O-O a5 12.
a3 b6 13. Rab1 Ba6 14. b4 Bxd3 15. Qxd3 axb4 16. axb4 b5 17. Bxf6 Nxf6 18. f3
Bd6 19. e4 dxe4 20. fxe4 Bc7 21. Qf3 Qe7 22. e5 Nd5 23. Nxd5 cxd5 24. Qxd5 Rab8
25. Rbc1 Red8 26. Qe4 Bb6 27. Kh1 Qb7 28. Qf4 Rd7 29. Rc3 Ra8 30. Rg3 Re7 31.
Qxh6 f6 32. exf6 Rxe2 33. Rxg7+ Qxg7 34. Qxg7# 1-0

[Event "26e tournoi 1hKO"]
[Site "Montigny le Bretonneux"]
[Date "2024.05.12"]
[Round "7.10"]
[White "Guerillon, Sylvain"]
[Black "El Yaalaoui, Adam"]
[Result "0-1"]
[WhiteElo "1687"]
[BlackElo "1558"]
[Annotator "Rivier,Sylvain"]
[PlyCount "130"]
[EventDate "2024.??.??"]
[WhiteTeam "Club d'Echecs de Triel sur Seine"]
[BlackTeam "Club d'Echecs de Guyancourt"]

1. e4 {Défense sicilienne} c5 2. Nf3 Nc6 3. Bc4 e6 4. Nc3 Nf6 5. d3 a6 6. a4
d5 7. exd5 exd5 8. Ba2 Bg4 9. h3 Bh5 10. g4 d4 11. Ne4 Nxe4 12. dxe4 Bg6 13.
Bd5 Bd6 14. Qe2 Qe7 15. Bg5 f6 16. Bd2 Bf7 17. Bxf7+ Qxf7 18. O-O O-O 19. Nh4
Ne7 20. f4 Ng6 21. Nf5 Qc7 22. Nxd6 Qxd6 23. f5 Qg3+ 24. Qg2 Qxg2+ 25. Kxg2 Ne5
26. b3 Rac8 27. Rab1 c4 28. bxc4 Rxc4 29. Rfc1 Rfc8 30. Rb2 Rxa4 31. Rxb7 Ra2
32. Bb4 Nd3 33. Rb1 Raxc2+ 34. Kg3 Nxb4 35. R1xb4 R8c3+ 36. Kh4 d3 37. Rd4 Rc7
38. Rxc7 Rxc7 39. Rxd3 a5 40. Ra3 Ra7 41. g5 fxg5+ 42. Kxg5 h6+ 43. Kf4 Kf7 44.
Ke5 a4 45. Kd5 Kf6 46. h4 g6 47. fxg6 Kxg6 48. e5 Ra5+ 49. Kd6 Ra6+ 50. Kd5 Kf7
51. h5 Ke7 52. e6 Ra5+ 53. Kc6 Kxe6 54. Re3+ Kf5 55. Kb6 Ra8 56. Kb7 Rd8 57.
Ra3 Rd4 58. Kc6 Kg5 59. Kc5 Rg4 60. Kd5 Kxh5 61. Rh3+ Kg5 62. Ke5 h5 63. Ra3 h4
64. Rf3 Rb4 65. Rf8 Kg4 {suite non notée} 0-1

[Event "26e tournoi 1hKO"]
[Site "Montigny le Bretonneux"]
[Date "2024.05.12"]
[Round "7.11"]
[White "Spinos, Steven"]
[Black "El Ghak, Karim"]
[Result "0-1"]
[WhiteElo "1573"]
[BlackElo "1199"]
[Annotator "Rivier,Sylvain"]
[PlyCount "78"]
[EventDate "2024.??.??"]
[WhiteTeam "La Tour de Mantes"]
[BlackTeam "La Dame Noire"]

{Gambit dame} 1. d4 d5 2. c4 e6 3. Nc3 Nf6 4. Nf3 Be7 5. e3 O-O 6. cxd5 exd5 7.
Bd3 c6 8. O-O Bg4 9. Re1 Nbd7 10. a3 Re8 11. e4 dxe4 12. Nxe4 Nxe4 13. Bxe4 Nf6
14. Bc2 Bxf3 15. gxf3 Nd5 16. f4 Bf6 17. Rxe8+ Qxe8 18. Kg2 Qd7 19. Qh5 g6 20.
Qd1 Ne7 21. Be3 Qd5+ 22. Qf3 Rd8 23. Be4 Qd7 24. Rd1 Bg7 25. h4 f5 26. Bb1 Qd5
27. Qxd5+ Nxd5 28. Kf3 Kf7 29. Ba2 Bf6 30. Rh1 Ke6 31. h5 Rh8 32. hxg6 hxg6 33.
Rg1 Rg8 34. Rh1 Rh8 35. Rg1 Rg8 36. Rd1 Kd6 37. Rh1 Rh8 38. Rf1 Rf8 39. Rg1 {
suite non notée} Ne7 0-1

[Event "26e tournoi 1hKO"]
[Site "Montigny le Bretonneux"]
[Date "2024.05.12"]
[Round "7.12"]
[White "Fasquelle, Yann"]
[Black "Meddour, Ithri"]
[Result "1-0"]
[WhiteElo "1569"]
[BlackElo "1563"]
[Annotator "Rivier,Sylvain"]
[PlyCount "69"]
[EventDate "2024.??.??"]
[WhiteTeam "Saint-Quentin en Yvelines"]
[BlackTeam "Saint-Quentin en Yvelines"]

{Défense Petroff} 1. e4 e5 2. Nf3 Nf6 3. d3 d6 4. Be2 Be7 5. c3 c5 6. Nbd2 Nc6
7. O-O d5 8. Qb3 O-O 9. exd5 Qxd5 10. c4 Qd8 11. a3 Nd4 12. Nxd4 exd4 13. Bf3
Rb8 14. Qd1 Bf5 15. Ne4 Nxe4 16. Bxe4 Bxe4 17. dxe4 Bg5 18. f4 Be7 19. Qd3 Qd7
20. Bd2 b6 21. Rf3 f5 22. e5 Rb7 23. Raf1 Bd8 24. h3 g6 25. R1f2 Qe6 26. g3 a5
27. Rg2 h5 28. g4 hxg4 29. hxg4 Rg7 30. Rfg3 Kh7 31. gxf5 Qxf5 32. Qxf5 Rxf5
33. Kf2 Kh6 34. Kf3 g5 35. Ke4 1-0

[Event "26e tournoi 1hKO"]
[Site "Montigny le Bretonneux"]
[Date "2024.05.12"]
[Round "7.13"]
[White "Corbeau, Lou"]
[Black "Tanchoux, Pierre"]
[Result "1-0"]
[WhiteElo "1445"]
[BlackElo "1547"]
[Annotator "Rivier,Sylvain"]
[PlyCount "75"]
[EventDate "2024.??.??"]
[WhiteTeam "Nogent le Roi"]
[BlackTeam "La Dame Noire"]

{Défense moderne} 1. d4 g6 2. e4 Bg7 3. Nf3 d6 4. Bc4 e6 5. O-O a6 6. Re1 b5
7. Bb3 Bb7 8. d5 Ne7 9. dxe6 f6 10. Nc3 O-O 11. Nd5 Kh8 12. g4 Re8 13. g5 f5
14. Nf6 Rf8 15. Qd4 Nbc6 16. Qc3 Qc8 17. e5 dxe5 18. Nxe5 Nxe5 19. Qxe5 h6 20.
Re3 c5 21. c4 Qc6 22. f3 Rad8 23. cxb5 axb5 24. h4 Rd4 25. Rc3 Rg4+ 26. Kf2
Rxh4 27. Qxc5 Qxc5+ 28. Rxc5 Bxf6 29. gxf6 Rxf6 30. Rc7 Bd5 31. Rxe7 Bxf3 32.
Kxf3 g5 33. Rf7 g4+ 34. Kg3 Rh3+ 35. Kg2 Rg6 36. e7 Rg8 37. Rf8 Kg7 38. Rxg8+
1-0

[Event "26e tournoi 1hKO"]
[Site "Montigny le Bretonneux"]
[Date "2024.05.12"]
[Round "7.14"]
[White "Adsul, Tanush"]
[Black "Goujon, Antoine"]
[Result "0-1"]
[WhiteElo "1199"]
[BlackElo "1762"]
[Annotator "Rivier,Sylvain"]
[PlyCount "122"]
[EventDate "2024.??.??"]
[WhiteTeam "La Dame Noire"]
[BlackTeam "CE Le Roi Soleil - Le Chesnay - Versailles"]

{Défense sicilienne, variante Rossolimo} 1. e4 c5 2. Nf3 g6 3. Nc3 Bg7 4. Bc4
Nc6 5. d3 e6 6. Be3 Nd4 7. O-O Ne7 8. g4 O-O 9. e5 Nxf3+ 10. Qxf3 Bxe5 11. Bxc5
d5 12. Bb5 a6 13. Ba4 b5 14. Bb3 Qc7 15. d4 Bg7 16. Qg3 Qxg3+ 17. fxg3 Re8 18.
a4 Bd7 19. axb5 a5 20. Ba4 Rab8 21. b6 Bxa4 22. Rxa4 Nc8 23. Rd1 Nxb6 24. Bxb6
Rxb6 25. Rxa5 Rxb2 26. Rd2 Rc8 27. Rb5 Rxb5 28. Nxb5 Rc4 29. h4 Rb4 30. Nd6
Bxd4+ 31. Kg2 Be5 32. Nc8 Rxg4 33. Rd3 Rc4 34. Nb6 Rxc2+ 35. Kh3 Rc3 36. Rxc3
Bxc3 37. g4 Kg7 38. g5 h6 39. gxh6+ Kxh6 40. Kg4 Be1 41. Nxd5 exd5 42. Kf4 d4
43. Ke4 Bf2 44. Kd3 Kh5 45. Ke2 Bxh4 46. Kd3 Bf2 47. Ke2 Be3 48. Kd3 f5 49. Ke2
Kg4 50. Kd3 Kf3 51. Kc2 g5 52. Kd3 g4 53. Kc2 g3 54. Kd1 g2 55. Kc2 g1=Q 56.
Kd3 Qf1+ 57. Kc2 Qc4+ 58. Kb2 d3 59. Ka3 Qb5 60. Ka2 Bc1 61. Ka1 Qb2# 0-1

[Event "26e tournoi 1hKO"]
[Site "Montigny le Bretonneux"]
[Date "2024.05.12"]
[Round "7.15"]
[White "Zoubko, Kyril"]
[Black "Alluch Abdellach, Nordin"]
[Result "0-1"]
[WhiteElo "1199"]
[BlackElo "1638"]
[Annotator "Rivier,Sylvain"]
[PlyCount "62"]
[EventDate "2024.??.??"]
[WhiteTeam "La Dame Noire"]
[BlackTeam "Saint-Quentin en Yvelines"]

{Défense sicilienne} 1. e4 c5 2. Nf3 d6 3. Bc4 e6 4. O-O a6 5. d4 cxd4 6. Qxd4
Nc6 7. Qe3 Qc7 8. a3 b5 9. Ba2 Be7 10. Bd2 Nf6 11. Bc3 Bb7 12. Nbd2 O-O 13. Ng5
Ne5 14. f4 Nc4 15. Bxc4 bxc4 16. Qh3 h6 17. e5 Ne4 18. Ngxe4 Bxe4 19. exd6 Bxd6
20. Qg3 f6 21. Qe3 Qc6 22. Rfe1 Bd5 23. Rad1 Rae8 24. Bb4 Bxb4 25. axb4 Bxg2
26. Qc5 Qf3 27. Qxc4 Qg4 28. Qe2 Bf3+ 29. Kf1 Bxe2+ 30. Rxe2 Qxf4+ 31. Rf2 Qxb4
0-1

[Event "26e tournoi 1hKO"]
[Site "Montigny le Bretonneux"]
[Date "2024.05.12"]
[Round "7.16"]
[White "Montay, Jean-Paul"]
[Black "Badjate, Nishchal"]
[Result "0-1"]
[WhiteElo "1558"]
[BlackElo "1199"]
[Annotator "Rivier,Sylvain"]
[PlyCount "80"]
[EventDate "2024.??.??"]
[WhiteTeam "La Dame Noire"]
[BlackTeam "La Dame Noire"]

{Défense est-indienne, variante du fianchetto} 1. c4 Nf6 2. Nc3 g6 3. Nf3 Bg7
4. g3 O-O 5. Bg2 Re8 6. O-O d6 7. d4 Nbd7 8. Be3 b6 9. Re1 Bb7 10. Qc2 Rb8 11.
Rad1 Qc8 12. b3 e5 13. dxe5 Nxe5 14. Bd4 Nfg4 15. h3 c5 16. Bxe5 Nxe5 17. Nxe5
Bxe5 18. Nd5 h5 19. e4 Bc6 20. f4 Bg7 21. f5 Bd7 22. f6 Bh8 23. Ne7+ Rxe7 24.
fxe7 Bd4+ 25. Kh2 Qe8 26. Rf1 Qxe7 27. Rd3 Bc6 28. Qe2 Re8 29. e5 Bxg2 30. Qxg2
Bxe5 31. Qd5 Rf8 32. Rdf3 h4 33. Kg2 hxg3 34. Rxf7 Rxf7 35. Qa8+ Kg7 36. h4
Rxf1 37. Kxf1 Qxh4 38. Qxa7+ Kh6 39. Qc7 Qf4+ 40. Kg2 Qf2+ 0-1

[Event "26e tournoi 1hKO"]
[Site "Montigny le Bretonneux"]
[Date "2024.05.12"]
[Round "7.17"]
[White "El Yaalaoui, Asiya"]
[Black "Ancey, Remi"]
[Result "0-1"]
[WhiteElo "1099"]
[BlackElo "1483"]
[Annotator "Rivier,Sylvain"]
[PlyCount "64"]
[EventDate "2024.??.??"]
[WhiteTeam "Club d'Echecs de Guyancourt"]
[BlackTeam "Club d'Echecs de Triel sur Seine"]

{Partie des trois cavaliers} 1. e4 e5 2. Nf3 Nc6 3. Nc3 d5 4. d3 Be6 5. Bg5 Nf6
6. Be2 d4 7. Nd5 Bxd5 8. exd5 Qxd5 9. Bxf6 gxf6 10. O-O O-O-O 11. Nd2 Kb8 12.
b3 Rg8 13. g3 f5 14. Bf3 Qe6 15. Bxc6 Qxc6 16. Nc4 Qf6 17. Qd2 Bh6 18. Qb4 b6
19. Qb5 f4 20. Nxe5 Kb7 21. Nf3 fxg3 22. fxg3 Be3+ 23. Kg2 Qd6 24. Rfe1 Bf4 25.
g4 Rxg4+ 26. Kf2 Bxh2 27. Re4 Qg3+ 28. Ke2 Qg2+ 29. Kd1 Qxf3+ 30. Re2 Rg1+ 31.
Kd2 Bf4+ 32. Re3 Bxe3# 0-1

[Event "26e tournoi 1hKO"]
[Site "Montigny le Bretonneux"]
[Date "2024.05.12"]
[Round "7.18"]
[White "Orfila, Hugo"]
[Black "Carbonero, Jean Marc"]
[Result "0-1"]
[WhiteElo "1009"]
[BlackElo "1299"]
[Annotator "Rivier,Sylvain"]
[PlyCount "104"]
[EventDate "2024.??.??"]
[WhiteTeam "Club d'Echecs de Guyancourt"]
[BlackTeam "Saint-Quentin en Yvelines"]

{Partie italienne} 1. e4 e5 2. Nf3 Nc6 3. Bc4 h6 4. Nc3 Bc5 5. d3 Nf6 6. Be3
Bxe3 7. fxe3 O-O 8. O-O d6 9. Qe2 a6 10. d4 b5 11. dxe5 dxe5 12. Bd5 Bb7 13.
Bxc6 Bxc6 14. Qd3 Qxd3 15. cxd3 Rad8 16. Rad1 b4 17. Ne2 Rd7 18. d4 Bb5 19.
Rfe1 Bxe2 20. Rxe2 Nxe4 21. a3 Rfd8 22. axb4 f6 23. Rc2 g5 24. g4 Kg7 25. Rc6
Rb8 26. Rxa6 Rxb4 27. Ra2 c5 28. Rd3 c4 29. Rda3 Kg6 30. dxe5 Rd1+ 31. Kg2 Rb1
32. exf6 R4xb2+ 33. Rxb2 Rxb2+ 34. Kh3 c3 35. Ne5+ Kxf6 36. Nc4 Nf2+ 37. Kg2
Nxg4+ 38. Kg3 h5 39. Nxb2 cxb2 40. Rb3 Kf5 41. Rxb2 Nxe3 42. Rb5+ Kg6 43. Rb6+
Kg7 44. Rb7+ Kf8 45. Rb8+ Kf7 46. Kf3 Ng4 47. Rb7+ Kf6 48. Rb6+ Kf5 49. Rb5+
Ne5+ 50. Ke3 Ke6 51. Ke4 Nf7 52. h3 Nd6+ 0-1

[Event "26e tournoi 1hKO"]
[Site "Montigny le Bretonneux"]
[Date "2024.05.12"]
[Round "7.19"]
[White "Elie, Nicolas"]
[Black "Berhaut, Antoine"]
[Result "1-0"]
[WhiteElo "1009"]
[BlackElo "1009"]
[Annotator "Rivier,Sylvain"]
[PlyCount "41"]
[EventDate "2024.??.??"]
[WhiteTeam "Club d'Echecs de Guyancourt"]
[BlackTeam "Club d'Echecs de Guyancourt"]

{Partie italienne} 1. e4 e5 2. Nf3 Nc6 3. Nc3 Bc5 4. Bc4 Nf6 5. d3 Ng4 6. O-O
O-O 7. h3 Nf6 8. Bg5 h6 9. Bh4 Nd4 10. Nxd4 Bxd4 11. Nd5 d6 12. Nxf6+ gxf6 13.
Qg4+ Kh7 14. Qh5 c5 15. Bxf7 b5 16. Qg6+ Kh8 17. Bxf6+ Qxf6 18. Qxf6+ Kh7 19.
g4 Bb7 20. g5 Bd5 21. g6# 1-0

[Event "26e tournoi 1hKO"]
[Site "Montigny le Bretonneux"]
[Date "2024.05.12"]
[Round "7.20"]
[White "Gabory, Donatien"]
[Black "Hellal, Ayoub"]
[Result "0-1"]
[WhiteElo "1009"]
[BlackElo "1009"]
[Annotator "Rivier,Sylvain"]
[PlyCount "54"]
[EventDate "2024.??.??"]
[WhiteTeam "Club d'Echecs de Guyancourt"]
[BlackTeam "La Dame Noire"]

{Partie italienne} 1. e4 e5 2. Nf3 Nc6 3. Bc4 Nf6 4. d3 Bc5 5. Be3 O-O 6. O-O
d6 7. Nc3 Bg4 8. Nb5 Bxf3 9. Qxf3 a6 10. Bxc5 axb5 11. Bxf7+ Rxf7 12. Be3 Nb4
13. c3 Nxa2 14. Bg5 b4 15. cxb4 Nxb4 16. Rxa8 Qxa8 17. Bxf6 Rxf6 18. Qg4 Nxd3
19. Qd7 Rf7 20. Qe6 Nxb2 21. f4 exf4 22. Rxf4 Qf8 23. Rf3 Nd3 24. Rxf7 Qxf7 25.
Qc8+ Qf8 26. Qxc7 Qf2+ 27. Kh1 Qf1# 0-1

[Event "26e tournoi 1hKO"]
[Site "Montigny le Bretonneux"]
[Date "2024.05.12"]
[Round "7.21"]
[White "Gabory, Clement"]
[Black "Orfila, Leila"]
[Result "0-1"]
[WhiteElo "1009"]
[BlackElo "1009"]
[Annotator "Rivier,Sylvain"]
[PlyCount "34"]
[EventDate "2024.??.??"]
[WhiteTeam "Club d'Echecs de Guyancourt"]
[BlackTeam "Club d'Echecs de Guyancourt"]

{Défense Petroff} 1. e4 e5 2. Bc4 Nf6 3. Nf3 Nxe4 4. Nxe5 Qe7 5. Nf3 Nc6 6.
O-O Qf6 7. Nc3 Bd6 8. d3 Nxc3 9. bxc3 O-O 10. Bg5 Qg6 11. h3 b6 12. Qd2 Bb7 13.
Qe3 Rae8 14. Qd2 h6 15. Be3 Na5 16. Rfb1 Bh2+ 17. Nxh2 Qxg2# 0-1

[Event "26e tournoi 1hKO"]
[Site "Montigny le Bretonneux"]
[Date "2024.05.12"]
[Round "7.1"]
[White "Briquet, Jean-Pierre"]
[Black "Chevrier, Denis"]
[Result "1-0"]
[WhiteElo "1981"]
[BlackElo "1738"]
[Annotator "Rivier,Sylvain"]
[PlyCount "37"]
[EventDate "2024.??.??"]
[WhiteTeam "Palamede Echecs"]
[BlackTeam "Club d'Echecs de l'Arpajonnais"]

{Gambit dame} 1. d4 d5 2. Nf3 Nc6 3. c4 e6 4. Nc3 Nf6 5. Bg5 Be7 6. e3 h6 7.
Bh4 Ne4 8. Bxe7 Nxe7 9. Bd3 f5 10. Ne5 O-O 11. Qc2 Nc6 12. Nxc6 bxc6 13. O-O
Qe7 14. Rac1 c5 15. cxd5 exd5 16. Nxd5 Qd6 17. Bxe4 fxe4 18. Qxe4 Bf5 19. Ne7+
1-0

[Event "26e tournoi 1hKO"]
[Site "Montigny le Bretonneux"]
[Date "2024.05.12"]
[Round "8.1"]
[White "Briquet, Tom"]
[Black "Briquet, Jean-Pierre"]
[Result "1/2-1/2"]
[WhiteElo "1901"]
[BlackElo "1981"]
[Annotator "Rivier,Sylvain"]
[PlyCount "59"]
[EventDate "2024.??.??"]
[WhiteTeam "Palamede Echecs"]
[BlackTeam "Palamede Echecs"]

{Défense Caro-Kann, variante des deux cavaliers} 1. e4 c6 2. Nc3 d5 3. Nf3 Bg4
4. h3 Bxf3 5. Qxf3 e6 6. Be2 Bc5 7. O-O Nd7 8. exd5 exd5 9. Re1 Ne7 10. Na4 Bd6
11. d4 O-O 12. Bg5 h6 13. Bh4 Qa5 14. Nc3 Ng6 15. Bg3 Bxg3 16. Qxg3 Rfe8 17.
Bd3 Ndf8 18. Ne2 Re7 19. h4 h5 20. c3 Rae8 21. Qg5 Ne6 22. Qd2 Nxh4 23. Ng3 g6
24. Qh6 Nf8 25. Rxe7 Rxe7 26. Qg5 Qd8 27. Rf1 Re8 28. Qh6 Qf6 29. Nxh5 Qh8 30.
Qxh8+ 1/2-1/2